Mesaj Kısaltmaları - Statistics

General Stats
  • This quiz has been taken 706 times
  • The average score is 24 of 35
Answer Stats
Kısaltma Cevap % Correct
mrb Merhaba
99%
nbr N'aber
99%
slm Selam
99%
cnm Canım
98%
ii İyi
98%
tmm Tamam
87%
ayn Aynen
85%
inş İnşallah
84%
tşk Teşekkürler
84%
dk Dakika
81%
knk Kanka
80%
amk Amına koyayım
79%
hg Hoş geldin
79%
sn Saniye
78%
ark Arkadaş
77%
fln Falan
77%
Orospu çocuğu
76%
as Aleykümselam
74%
hb Hoş bulduk
72%
tlf Telefon
72%
bsg Bi' Siktir Git
65%
ig İyi geceler
64%
sa Selamünaleyküm
64%
gt Geri takip
63%
dgko Doğum günün kutlu olsun
56%
ho Hayırlı olsun
56%
vs vesaire
55%
ga Günaydın
49%
go Geçmiş olsun
45%
dm Direkt mesaj
35%
rt Retweet
34%
kg Kolay gelsin
29%
abv Allah belanı versin
28%
kib Kendine iyi bak
27%
vb ve bunlar gibi / ve benzeri
23%
No matching quizzes found
Score Distribution
Percent of People with Each Score
Percentile by Number Answered
Your Score History
You have not taken this quiz